Normal view
MARC view
Entry Personal Name
001 - CONTROL NUMBER
- control field: 11135
003 - CONTROL NUMBER IDENTIFIER
- control field: ARRUPE
005 - DATE AND TIME OF LATEST TRANSACTION
- control field: 20140910104212.0
008 - FIXED-LENGTH DATA ELEMENTS
- fixed length control field: 140910|| aca||aabn | a|a d
040 ## - CATALOGING SOURCE
- Original cataloging agency: ARRUPE
- Transcribing agency: ARRUPE
100 ## - HEADING--PERSONAL NAME
- Personal name: Baehr, P. R.
- Fuller form of name: (Peter R.)
670 ## - SOURCE DATA FOUND
- Source citation: Work cat.: (ARRUPE)0: Arendt, Hannah, 1906-1975. 11128, The portable Hannah Arendt /, 2000.